[Event "RCCA-Jub05 corr"]
[Site "RCCA corr"]
[Date "1998.??.??"]
[Round "?"]
[White "Grebenshchikov, Mikhail Aleksandrov"]
[Black "Smith, Roland"]
[Result "1/2-1/2"]
[WhiteElo "2380"]
[BlackElo "2380"]
[PlyCount "106"]
[EventDate "1998.04.24"]
[EventType "tourn (corr)"]
[EventRounds "10"]
[EventCountry "RUS"]
[SourceTitle "Corr 2008"]
[Source "ChessBase"]
[SourceDate "2008.06.24"]
[SourceVersion "1"]
[SourceVersionDate "2008.06.24"]
[SourceQuality "1"]

1. e4 c5 2. Nf3 Nc6 3. d4 cxd4 4. Nxd4 Nf6 5. Nc3 e5 6. Ndb5 d6 7. Bg5 a6 8. Na3 b5 9. Bxf6 gxf6 10. Nd5 Bg7 11. c3 f5 12. exf5 Bxf5 13. Nc2 Be6 14. Nce3 Ne7 15. a4 Nxd5 16. Nxd5 0-0 17. Be2 bxa4 18. Rxa4 a5 19. 0-0 f5 20. Bc4 Kh8 21. b4 f4 22. f3 Bd7 23. b5 Qc8 24. Qb3 Qc5+ 25. Kh1 Rfb8 26. Rb1 Bf5 27. Re1 Bd7 28. Qa3 Qxa3 29. Rxa3 Be6 30. Rd1 Bf6 31. Be2 Bd8 32. g3 fxg3 33. hxg3 Rb7 34. Nb4 Rd7 35. Nc6 Bc7 36. c4 Rg7 37. Kh2 Rag8 38. Rg1 Bb6 39. Rg2 Rf7 40. Ra1 Rg6 41. g4 h5 42. c5 Bxc5 43. Nd8 Rh7 44. g5 Bd5 45. Bd3 Rg8 46. Bxh7 Kxh7 47. Nc6 Bxf3 48. Rg3 Bg4 49. Nxa5 Rxg5 50. Rb1 h4 51. Rxg4 Rxg4 52. b6 Bxb6 53. Rxb6 Ra4 1/2-1/2

[Event "North Sea tt 1st Bd4 corr"]
[Site "England"]
[Date "1998.??.??"]
[Round "?"]
[White "Gullaksen, Eirik Tvedt"]
[Black "Smith, Roland"]
[Result "1/2-1/2"]
[WhiteElo "2377"]
[BlackElo "2389"]
[PlyCount "71"]
[EventDate "1998.??.??"]
[EventType "team (corr)"]
[EventRounds "10"]
[EventCountry "ENG"]
[SourceTitle "Corr 2002"]
[Source "ChessBase"]
[SourceDate "2002.05.23"]
[SourceVersion "1"]
[SourceVersionDate "2002.05.23"]
[SourceQuality "1"]

1. e4 c5 2. Nf3 Nc6 3. Bb5 e6 4. 0-0 Nge7 5. Re1 Nd4 6. Nxd4 cxd4 7. c4 Ng6 8. d3 a6 9. Ba4 Bd6 10. Nd2 b6 11. Qh5 Ne5 12. Bc2 0-0 13. f4 Nc6 14. Nf3 f6 15. a3 Qc7 16. g3 a5 17. Ba4 Bc5 18. Bd2 Bb7 19. f5 exf5 20. Qxf5 Ne5 21. Nxe5 fxe5 22. Qg4 Bc6 23. Bh6 Rf7 24. Rf1 Raf8 25. Rxf7 Rxf7 26. Rf1 Rxf1+ 27. Kxf1 Bf8 28. Bb3 a4 29. Ba2 Kh8 30. c5 d5 31. cxb6 Qf7+ 32. Kg1 gxh6 33. Qc8 Qf3 34. Qxc6 Qd1+ 35. Kg2 Qe2+ 36. Kg1 1/2-1/2

[Event "North Sea tt 1st Bd4 corr"]
[Site "England"]
[Date "1998.??.??"]
[Round "?"]
[White "Smith, Roland"]
[Black "Palmkoeck, William"]
[Result "1-0"]
[WhiteElo "2389"]
[BlackElo "2378"]
[PlyCount "58"]
[EventDate "1998.??.??"]
[EventType "team (corr)"]
[EventRounds "10"]
[EventCountry "ENG"]
[SourceTitle "Corr 2002"]
[Source "ChessBase"]
[SourceDate "2002.05.23"]
[SourceVersion "1"]
[SourceVersionDate "2002.05.23"]
[SourceQuality "1"]

1. c4 e5 2. Nc3 Nf6 3. Nf3 Nc6 4. d4 exd4 5. Nxd4 Bb4 6. Bg5 h6 7. Bh4 Bxc3+ 8. bxc3 Ne5 9. f4 Ng6 10. Bxf6 Qxf6 11. g3 0-0 12. Qd2 d6 13. Bg2 Re8 14. 0-0 Rb8 15. Rab1 Ne7 16. Nb5 Bd7 17. Nxc7 Rec8 18. c5 Bf5 19. e4 dxc5 20. e5 Qg6 21. Rxb7 Rxb7 22. Bxb7 Rb8 23. Bg2 Be4 24. Qd6 Bxg2 25. Qxg6 Nxg6 26. Kxg2 Rd8 27. Nb5 a6 28. Nd6 f6 29. Nc4 Rd3 1-0

[Event "RCCA-Jub05 corr"]
[Site "RCCA corr"]
[Date "1998.??.??"]
[Round "?"]
[White "Smith, Roland"]
[Black "Peljo, Kalevi"]
[Result "1-0"]
[WhiteElo "2380"]
[BlackElo "2380"]
[PlyCount "93"]
[EventDate "1998.04.24"]
[EventType "tourn (corr)"]
[EventRounds "10"]
[EventCountry "RUS"]
[SourceTitle "Corr 2008"]
[Source "ChessBase"]
[SourceDate "2008.06.24"]
[SourceVersion "1"]
[SourceVersionDate "2008.06.24"]
[SourceQuality "1"]

1. c4 g6 2. Nf3 Bg7 3. Nc3 e5 4. d4 exd4 5. Nxd4 d6 6. g3 Ne7 7. Bg2 Nbc6 8. Nxc6 Nxc6 9. Bd2 0-0 10. 0-0 Be6 11. b3 Qd7 12. Nd5 Bxa1 13. Qxa1 Bxd5 14. Bh6 Ne5 15. Bxd5 c6 16. Bg2 f5 17. Bxf8 Rxf8 18. Qd4 a6 19. Rd1 Rd8 20. f4 Nf7 21. h3 Re8 22. Bf3 Qe7 23. Kf2 Qe6 24. b4 Qe7 25. Rd3 Kf8 26. a4 Qe6 27. b5 axb5 28. axb5 Qd7 29. Qb6 Rc8 30. Ra3 Qc7 31. Qxc7 Rxc7 32. Ra7 Nd8 33. bxc6 Nxc6 34. Bxc6 Rxc6 35. Rxb7 h6 36. Rb4 Ke7 37. g4 Kf6 38. e4 fxe4 39. Ke3 Ke6 40. Kxe4 Rc5 41. Kd4 h5 42. Rb5 hxg4 43. hxg4 Rc6 44. f5+ gxf5 45. gxf5+ Kf6 46. Kd5 Ra6 47. Rb7 1-0

[Event "North Sea tt 1st Bd4 corr"]
[Site "England"]
[Date "1998.??.??"]
[Round "?"]
[White "Smith, Roland"]
[Black "Schaper, Hans BC"]
[Result "0-1"]
[WhiteElo "2389"]
[BlackElo "2373"]
[PlyCount "74"]
[EventDate "1998.??.??"]
[EventType "team (corr)"]
[EventRounds "10"]
[EventCountry "ENG"]
[SourceTitle "Corr 2002"]
[Source "ChessBase"]
[SourceDate "2002.05.23"]
[SourceVersion "1"]
[SourceVersionDate "2002.05.23"]
[SourceQuality "1"]

1. c4 e5 2. Nc3 Nf6 3. Nf3 Nc6 4. d4 exd4 5. Nxd4 Bb4 6. Bg5 h6 7. Bh4 Bxc3+ 8. bxc3 d6 9. f3 Ne5 10. e4 Ng6 11. Bf2 0-0 12. Qd2 Nd7 13. Be2 Nc5 14. 0-0 Re8 15. a4 a5 16. Rfb1 b6 17. Nb3 Nxb3 18. Rxb3 Bb7 19. Rbb1 Qf6 20. Rd1 Ne5 21. Be3 Qe6 22. Qa2 f5 23. c5 Qxa2 24. Rxa2 bxc5 25. exf5 Nxf3+ 26. Kf2 Ne5 27. Bf4 Bc6 28. Rdd2 g5 29. fxg6 Kg7 30. g3 Rf8 31. Bb5 Bxb5 32. axb5 Rab8 33. Kg2 Nc4 34. Re2 Rxb5 35. Re6 h5 36. Ra4 Nb6 37. Rxa5 Rxa5 0-1